<?xml version="1.0" encoding="UTF-8"?>
<record
    xmlns:xsi="http://www.w3.org/2001/XMLSchema-instance"
    xsi:schemaLocation="http://www.loc.gov/MARC21/slim http://www.loc.gov/standards/marcxml/schema/MARC21slim.xsd"
    xmlns="http://www.loc.gov/MARC21/slim">

  <leader>02077nam a2200277Ia 4500</leader>
  <controlfield tag="003">OSt</controlfield>
  <controlfield tag="005">20210514122127.0</controlfield>
  <controlfield tag="008">210310s2002    c  ad  gr     000 0ds   d</controlfield>
  <datafield tag="020" ind1=" " ind2=" ">
    <subfield code="a">958916224x</subfield>
  </datafield>
  <datafield tag="040" ind1=" " ind2=" ">
    <subfield code="a">CO-JMCR</subfield>
    <subfield code="c">CO-JMCR</subfield>
  </datafield>
  <datafield tag="041" ind1="0" ind2=" ">
    <subfield code="a">spa</subfield>
  </datafield>
  <datafield tag="082" ind1="0" ind2="4">
    <subfield code="a">336.2 /</subfield>
    <subfield code="b">R696i</subfield>
    <subfield code="2">23</subfield>
  </datafield>
  <datafield tag="100" ind1="1" ind2=" ">
    <subfield code="a">Rodr&#xED;guez Vargas, Francisco, </subfield>
    <subfield code="9">15717</subfield>
    <subfield code="e">autor</subfield>
  </datafield>
  <datafield tag="245" ind1="1" ind2="0">
    <subfield code="a">Instituciones parafiscales y desarrollo economico y social : </subfield>
    <subfield code="b">un an&#xE1;lisis comparativo entre Colombia y Francia / </subfield>
    <subfield code="c">Francisco Rodr&#xED;guez Vargas</subfield>
  </datafield>
  <datafield tag="250" ind1=" " ind2=" ">
    <subfield code="a">Primera edici&#xF3;n</subfield>
  </datafield>
  <datafield tag="260" ind1=" " ind2=" ">
    <subfield code="a">Bogot&#xE1; : </subfield>
    <subfield code="b">Academia Colombiana de Ciencias Econ&#xF3;micas : Ecosocial, </subfield>
    <subfield code="c">2002</subfield>
  </datafield>
  <datafield tag="300" ind1=" " ind2=" ">
    <subfield code="a">ix, 224 p&#xE1;ginas : </subfield>
    <subfield code="b">ilustraciones y gr&#xE1;ficas a blanco y negro ; </subfield>
    <subfield code="c">22 cm.</subfield>
  </datafield>
  <datafield tag="490" ind1="0" ind2=" ">
    <subfield code="a">Est&#xED;mulos</subfield>
  </datafield>
  <datafield tag="500" ind1=" " ind2=" ">
    <subfield code="a">Incluye notas a pie de p&#xE1;gina y datos biogr&#xE1;ficos del autor.</subfield>
  </datafield>
  <datafield tag="504" ind1=" " ind2=" ">
    <subfield code="a">Bibliograf&#xED;a: p&#xE1;ginas 215-224</subfield>
  </datafield>
  <datafield tag="505" ind1="0" ind2=" ">
    <subfield code="a">La sociedad civil y el estado -- La sociedad civil y sus organizaciones -- La econom&#xED;a social de mercado -- Corporativismo y neocorporativismo -- Las institucones parafiscales y la formaci&#xF3;n de la sociedad civil -- Las tasas parafiscales en Francia -- Las instutuciones parafiscales en Colombia -- Referecias a la parafiscalidad en Am&#xE9;rica Latina</subfield>
  </datafield>
  <datafield tag="520" ind1="3" ind2=" ">
    <subfield code="a">Instituciones parafiscales y desarrollo econ&#xF3;mico y social- un an&#xE1;lisis comparativo entre Colombia y Francia, es el resultado del trabajo permanente del&#xF1; autor sobre el tema de las asociaciones y la sociedad civil al cual ha dedicado sus esfuerzos que cristaalzaron en su tesis doctoral sustentada con m&#xE1;ximos honores en 1995 en la Universid de Paris I Panth&#xE9;on-Sorbonne. Este libro se deriva de este trabajo y avanza con un enfoque original en el prop&#xF3;sito de contribuir al conocimiento de la teor&#xED;a de la parafiscalidad como instituci&#xF3;n peculiar y m&#xE9;todo de intervenci&#xF3;n del  Estado en la econom&#xED;a, que a su vez ha configurado organizaciones de la sociedad civil con importancia considerable para el desarrollo. </subfield>
  </datafield>
  <datafield tag="650" ind1="1" ind2="4">
    <subfield code="a">Impuestos</subfield>
    <subfield code="9">15719</subfield>
    <subfield code="z">Colombia </subfield>
  </datafield>
  <datafield tag="650" ind1="2" ind2="4">
    <subfield code="a">Impuestos</subfield>
    <subfield code="z">Francia </subfield>
    <subfield code="9">37640</subfield>
  </datafield>
  <datafield tag="942" ind1=" " ind2=" ">
    <subfield code="2">ddc</subfield>
    <subfield code="c">BK</subfield>
  </datafield>
  <datafield tag="999" ind1=" " ind2=" ">
    <subfield code="c">7883</subfield>
    <subfield code="d">7883</subfield>
  </datafield>
  <datafield tag="952" ind1=" " ind2=" ">
    <subfield code="0">0</subfield>
    <subfield code="1">0</subfield>
    <subfield code="2">ddc</subfield>
    <subfield code="4">0</subfield>
    <subfield code="7">0</subfield>
    <subfield code="8">NFIC</subfield>
    <subfield code="a">CPL</subfield>
    <subfield code="b">CPL</subfield>
    <subfield code="d">2018-04-15</subfield>
    <subfield code="e">Donaci&#xF3;n</subfield>
    <subfield code="l">1</subfield>
    <subfield code="o">336.2 / R696i</subfield>
    <subfield code="p">430003798</subfield>
    <subfield code="r">2024-05-16 00:00:00</subfield>
    <subfield code="s">2023-06-13</subfield>
    <subfield code="t">Ej.1</subfield>
    <subfield code="y">BK</subfield>
  </datafield>
</record>
